Statystyki dla Piłkarze Inter'u Mediolan

Kliknij tutaj aby rozwiązać quiz!

Ogólne statystyki

  • Ten quiz został rozwiązany 119 razy
    (63 od ostatniego zresetowania)
  • Średni wynik to 15 z 25

Statystyki odpowiedzi

PiłkarzNarodowośćPozycja% Poprawnych
Lautaro MartínezArgentynaNapastnik
96%
Yann SommerSzwajcariaBramkarz
90%
Alessandro BastoniWłochyObrońca
88%
Alexis SánchezChileNapastnik
88%
Marco ArnautovicAustriaNapastnik
80%
Marcus ThuramFrancjaNapastnik
80%
Nicolò BarellaWłochyPomocnik
78%
Federico DimarcoWłochyObrońca
73%
Hakan ÇalhanoğluTurcjaPomocnik
73%
Stefan de VrijHolandiaObrońca
71%
Benjamin PavardFrancjaObrońca
69%
Denzel DumfriesHolandiaPomocnik
65%
Francesco AcerbiWłochyObrońca
61%
Henrikh MkhitaryanArmeniaPomocnik
59%
Matteo DarmianWłochyObrońca
51%
Juan CuadradoKolumbiaPomocnik
45%
Yann BisseckNiemcyObrońca
43%
Carlos AugustoBrazyliaPomocnik
41%
Davide FrattesiWłochyPomocnik
41%
Kristjan AsllaniAlbaniaPomocnik
37%
Tajon BuchananKanadaPomocnik
35%
Davy KlaassenHolandiaPomocnik
33%
Emil AuderoWłochyBramkarz
24%
Stefano SensiWłochyPomocnik
24%
Raffaele Di GennaroWłochyBramkarz
14%

Rozkład punktacji

Percentyl według liczby udzielonych odpowiedzi

Procent ludzi z każdym wynikiem

Twoja historia wyników

Nie rozwiązałeś tego quizu od ostatniego zresetowania